Cestovať budeme - ako, je otázne

Ekonomicko-obchodný riaditeľ Dopravného podniku Bratislava (DPB) Ing. Albín Stanek a vedúci Hlavného oddelenia dopravy DPB Ing. Bronislav Weigel o fungovaní mestskej hromadnej dopravy. Dlžoby, zastaraný dopravný park, kvalita služieb, cestovné. Výstavba závodu na výrobu autobusov Tambus.

Gespeichert in:
Bibliographische Detailangaben
1. Verfasser: Stanek, A.
Weitere Verfasser: Weigl, B., Horváthová, K.
Format: Buchkapitel
Sprache:Slowakisch
Schlagworte:
Tags: Tag hinzufügen
Keine Tags, Fügen Sie das erste Tag hinzu!

MARC

LEADER 00000naa a2200000 4500
001 r018442
005 20221213095624.8
041 0 |a slo 
044 |a SK 
245 1 0 |a Cestovať budeme - ako, je otázne  |c A. Stanek, B. Weigl, K. Horváthová 
520 |a Ekonomicko-obchodný riaditeľ Dopravného podniku Bratislava (DPB) Ing. Albín Stanek a vedúci Hlavného oddelenia dopravy DPB Ing. Bronislav Weigel o fungovaní mestskej hromadnej dopravy. Dlžoby, zastaraný dopravný park, kvalita služieb, cestovné. Výstavba závodu na výrobu autobusov Tambus. 
610 2 0 |a Slovensko 
610 2 0 |a 1995 
610 2 0 |a Bratislava 
610 2 0 |a doprava hromadná mestská 
610 2 0 |a Dopravný podnik, a.s. Bratislava 
610 2 0 |a cestovné 
610 2 0 |a Slovakia-Bus, a.s. Bratislava 
100 1 |a Stanek, A. 
700 1 |a Weigl, B. 
700 1 |a Horváthová, K.